Kraków - prawda czy fałsz? - Statystyki

Ogólne statystyki
  • Ten quiz został rozwiązany 235 razy
    222 od ostatniego zresetowania
  • Średni wynik to 10 z 15
Statystyki odpowiedzi
Zagadnienie Odpowiedź % Poprawnych
Urodził się tutaj papież. Fałsz
98%
Uniwersytet Jagielloński jest najstarszym uniwersytetem w Polsce. Prawda
98%
Stare Miasto w jest wpisane na listę światowego dziedzictwa UNESCO. Prawda
96%
Posiada dobrą jakość powietrza. Fałsz
92%
Znajduje się tu obraz Leonarda da Vinciego. Prawda
85%
Z centrum miasta jest bliżej do Kijowa niż do Warszawy. Fałsz
79%
Dzwon Zygmunta istnieje ponad 500 lat. Prawda
79%
Tutaj powstała Poczta Polska. Prawda
73%
,,Unity Tower" potocznie Szkieletor do dziś nie został ukończony. Fałsz
71%
Wieża Ratuszowa jest krzywa. Prawda
60%
Kraków leży na pograniczu 4 krain geograficznych. Fałsz
48%
Sukiennice są młodsze od Dzwonu Zygmunta. Fałsz
44%
W Krakowie urodziło się najwięcej reprezentantów Polski w piłce nożnej z wszystkich miast Polski. Prawda
38%
Od 1038 roku do 1596 roku nieprzerwanie był stolicą Polski. Fałsz
31%
Posiada tyle samo dzielnic co Warszawa. Prawda
15%
Nie znaleziono quizów pasujących do podanych kryteriów
Rozkład punktacji
Procent ludzi z każdym wynikiem
Percentyl według liczby udzielonych odpowiedzi
Twoja historia wyników
Nie rozwiązałeś tego quizu od ostatniego zresetowania